| 000 | 01684cam a22002655a 4500 | ||
|---|---|---|---|
| 001 | L144326 | ||
| 002 | 17514 | ||
| 008 | 080710s2008 xxkabo f s 001 0 eng d | ||
| 020 | _a9780728204508 | ||
| 035 | _a(Sirsi) u144326 | ||
| 041 | 0 | _aeng | |
| 050 | 0 | 4 | _a690.2 $2 18 |
| 100 | 1 | _aMelville, Ian | |
| 245 | 0 | 0 |
_aInspections and reports on dwellings _breporting for sellers |
| 260 |
_aLondon _bEstates Gazette Books _c2008 |
||
| 300 |
_aiv, 456p. _bill. _c25cm. |
||
| 505 | 2 | _aBackground -- Legislation -- Sellers, buyers and the reports -- Home inspectors, qualification -- Site notes -- The Home Condition Report and Energy Performance Certificate -- Sample Home Condition Report and EPC, House -- Sample Home Condition Report and EPC, Flat -- Lending on dwellings, surveyors and valuers -- The Home Report: Single Survey, Energy Report and property questionnaire -- Sample Home Report, House -- Sample Home Report, Flat -- Glossary | |
| 520 | _aBook covers reports prepared before dwellings are put up for sale (both voluntary and mandatory). Discusses the requisite standard formats for reports in England, Scotland and Wales. Examines relevant legislation and provides insight into the qualification and certification process for Home Inspector Valuers. Also provides a section on lending on dwellings and the practicalities of valuation using the comparative, investment and residual methods. Provides examples of standard forms and examples of completed reports. | ||
| 521 | _aAdvanced | ||
| 590 | _aKA | ||
| 651 | 4 |
_aUnited Kingdom _y |
|
| 690 | _aPROPERTY-RESIDENTIAL PROPERTY-RESIDENTIAL PROPERTY APPRAISAL AND VALUATION | ||
| 700 | 1 | _aGordon, Ian A. | |
| 942 | _n0 | ||
| 999 |
_c108456 _d108456 |
||